[Event "Brixen/Milland-Ehrenburg2"]
[Site "?"]
[Date "2018.02.10"]
[Round "7.1"]
[White "Messner, Hannes"]
[Black "Sader, Michael"]
[Result "0-1"]
[WhiteElo "1539"]
[BlackElo "2111"]
[PlyCount "50"]
[EventDate "2018.02.10"]

1. d4 Nf6 2. c4 c5 3. Nc3 cxd4 4. Qxd4 g6 5. Nf3 Bg7 6. e3 O-O 7. Be2 Nc6 8.
Qd2 d6 9. h3 Bf5 10. O-O Rc8 11. Bd3 Bxd3 12. Qxd3 Nd7 13. b3 b5 14. Bb2 bxc4
15. bxc4 Nce5 16. Nxe5 Nxe5 17. Qe2 Nxc4 18. Nd1 Nxb2 19. Nxb2 Qa5 20. Rfd1 Rc7
21. Rd2 Rfc8 22. Qd1 Rb8 23. Qe2 Qc3 24. Rb1 Rcb7 25. Rc2 Qa3 0-1

[Event "Deutschnofen-Kaltern/Tramin"]
[Site "?"]
[Date "2018.02.10"]
[Round "7.1"]
[White "Bertagnolli, Alexander"]
[Black "Manca, Federico"]
[Result "1-0"]
[WhiteElo "2404"]
[BlackElo "2411"]
[PlyCount "72"]
[EventDate "2018.02.10"]

1. e4 d6 2. d4 Nf6 3. Nc3 g6 4. Bg5 Bg7 5. Qd2 c6 6. f4 b5 7. Bd3 O-O 8. Nf3
Nbd7 9. O-O Nb6 10. Rae1 b4 11. Nd1 c5 12. dxc5 dxc5 13. Bxf6 exf6 14. Ne3 Bb7
15. Qf2 Qc7 16. Nd2 Rad8 17. Re2 f5 18. e5 f6 19. e6 Rfe8 20. g4 Rd4 21. gxf5
c4 22. Nexc4 Rxc4 23. Nxc4 Nxc4 24. fxg6 f5 25. gxh7+ Kh8 26. h3 Nd6 27. Qh4
Qc6 28. e7 Ne4 29. Kh2 Qf6 30. Qh5 Rxe7 31. Rg1 Bh6 32. Rg8+ Kxh7 33. Reg2 Re6
34. R2g6 Qxg6 35. Rxg6 Rxg6 36. Qxf5 Kg7 1-0

[Event "Deutschnofen-Kaltern/Tramin"]
[Site "?"]
[Date "2018.02.10"]
[Round "7.3"]
[White "Panjkovic, Aleksandar"]
[Black "Zamengo, Fulvio"]
[Result "1/2-1/2"]
[WhiteElo "2074"]
[BlackElo "2304"]
[PlyCount "114"]
[EventDate "2018.02.10"]

1. c4 Nf6 2. g3 c6 3. Nf3 g6 4. b3 Bg7 5. Bb2 O-O 6. Bg2 d5 7. O-O b5 8. cxd5
cxd5 9. d4 e6 10. Nbd2 Bb7 11. Rc1 Nfd7 12. Rc2 Nc6 13. a3 Qb6 14. Qa1 b4 15.
a4 Rfc8 16. Rfc1 Bf8 17. Ne1 Ba6 18. e4 Nf6 19. h3 Na5 20. Rxc8 Rxc8 21. Rxc8
Bxc8 22. Qc1 Bb7 23. exd5 Bxd5 24. Qc2 Bxg2 25. Nxg2 Nd5 26. Ne3 h5 27. Ndc4
Qc7 28. Nxa5 Qxa5 29. Bc1 Bg7 30. Qc4 Bf8 31. Nxd5 Qxd5 32. Qxd5 exd5 33. f3
Kg7 34. Kf2 Kf6 35. f4 Bd6 36. g4 Be7 37. Kf3 Ke6 38. Bd2 Bd6 39. Be1 hxg4+ 40.
hxg4 Bf8 41. Bd2 Bg7 42. Be3 Bh8 43. Kg3 Bf6 44. Kh3 Ke7 45. Kg3 Kf8 46. g5 Bd8
47. f5 Ke7 48. Kg4 Bb6 49. Bf2 Bc7 50. Be1 a5 51. Bd2 Bb6 52. Be3 Kd7 53. Kf4
Bc7+ 54. Kg4 Bh2 55. Bf2 Bc7 56. Bg1 Ke7 57. Be3 Bb6 1/2-1/2

[Event "Deutschnofen-Kaltern/Tramin"]
[Site "?"]
[Date "2018.02.10"]
[Round "7.4"]
[White "Micheli, Carlo"]
[Black "Bertagnolli, Gerhard"]
[Result "1-0"]
[WhiteElo "2235"]
[BlackElo "1868"]
[PlyCount "59"]
[EventDate "2018.02.10"]

1. e4 c5 2. Nf3 e6 3. c4 Nc6 4. Nc3 d6 5. d4 cxd4 6. Nxd4 Nf6 7. Be2 Be7 8. O-O
O-O 9. Be3 a6 10. f4 Qc7 11. Rc1 Nxd4 12. Bxd4 b6 13. Qe1 Bb7 14. Qg3 Rab8 15.
a3 Ba8 16. b4 Rfd8 17. e5 Ne8 18. f5 dxe5 19. Bxe5 Bd6 20. fxe6 f6 21. Bxd6
Qxd6 22. Qh3 Nc7 23. Bg4 Qd4+ 24. Kh1 Re8 25. Ne2 Qe5 26. Nf4 Re7 27. Rce1 Qb2
28. Qd3 f5 29. Bxf5 g5 30. Re2 1-0

[Event "Deutschnofen-Kaltern/Tramin"]
[Site "?"]
[Date "2018.02.10"]
[Round "7.5"]
[White "Comai, Samuele"]
[Black "Tonina, Filippo"]
[Result "0-1"]
[WhiteElo "1812"]
[BlackElo "1964"]
[PlyCount "96"]
[EventDate "2018.02.10"]

1. d4 d6 2. Nf3 Bg4 3. g3 Bxf3 4. exf3 g6 5. Bg2 Bg7 6. O-O Nf6 7. f4 c6 8. c4
d5 9. Nd2 e6 10. Re1 O-O 11. Qc2 Na6 12. Nf3 c5 13. Be3 Rc8 14. dxc5 Nxc5 15.
Ne5 Ncd7 16. Nxd7 Qxd7 17. Rad1 Qc7 18. b3 dxc4 19. Qxc4 Qxc4 20. bxc4 Rxc4 21.
Bxb7 Rc2 22. Rd2 Rxd2 23. Bxd2 Rb8 24. Rb1 Nd5 25. Rb3 Nb6 26. Bf3 Rc8 27. Rd3
h5 28. Kg2 Rc2 29. a3 Nc4 30. Bb4 a5 31. Rd8+ Kh7 32. Bc5 Bf6 33. Rd7 Kg7 34.
Be4 Rc3 35. Rd3 Rc1 36. Ba7 Ra1 37. Bc5 Bb2 38. Rb3 Bf6 39. Bd3 Rc1 40. Rb5 a4
41. Bb4 Nxa3 42. Rc5 Rd1 43. Be2 Ra1 44. Bd3 Rd1 45. Bf1 Nb1 46. Rc2 a3 47. Be2
Rd4 48. Rc4 a2 0-1

[Event "Deutschnofen-Kaltern/Tramin"]
[Site "?"]
[Date "2018.02.10"]
[Round "7.6"]
[White "Thurner, Markus"]
[Black "Thaler, Elmar"]
[Result "1/2-1/2"]
[WhiteElo "1910"]
[BlackElo "1736"]
[PlyCount "37"]
[EventDate "2018.02.10"]

1. e4 c6 2. d4 d5 3. exd5 cxd5 4. Nf3 Bg4 5. c3 Qc8 6. Qa4+ Bd7 7. Qb3 Nf6 8.
Bg5 e6 9. Nbd2 a6 10. a4 Bc6 11. Bd3 Nbd7 12. O-O Bd6 13. Rfe1 Qc7 14. c4 h6
15. Bxf6 Nxf6 16. c5 Bf4 17. Re2 g5 18. Ne5 Nd7 19. Ndf3 1/2-1/2

[Event "Groeden-Ehrenburg"]
[Site "?"]
[Date "2018.02.10"]
[Round "7.1"]
[White "Gatterer, Florian"]
[Black "Seresin, Francesco"]
[Result "0-1"]
[WhiteElo "2284"]
[BlackElo "2191"]
[PlyCount "154"]
[EventDate "2018.02.10"]

1. b3 e5 2. Bb2 Nc6 3. e3 Nf6 4. c4 g6 5. Nf3 Qe7 6. Be2 Bg7 7. O-O O-O 8. d4
e4 9. Nfd2 d6 10. Nc3 Bf5 11. a3 h5 12. Rc1 Rfe8 13. Kh1 Rac8 14. b4 Ng4 15.
Nd5 Qh4 16. Bxg4 hxg4 17. g3 Qh6 18. c5 g5 19. b5 Ne7 20. Nxe7+ Rxe7 21. cxd6
Qxd6 22. Rc5 Qg6 23. Qb3 Bf8 24. Qd5 Bd7 25. Rfc1 b6 26. Rxc7 Rxc7 27. Rxc7 Be6
28. Qb7 Rxc7 29. Qxc7 Qf5 30. Kg2 Qxb5 31. d5 Qxb2 32. dxe6 fxe6 33. Nxe4 Qg7
34. Qc6 Qe5 35. a4 Kf7 36. h3 gxh3+ 37. Kxh3 g4+ 38. Kg2 a6 39. Nc3 Qc5 40.
Qd7+ Be7 41. Qd3 Ke8 42. Kg1 Qe5 43. Ne2 Qa1+ 44. Kg2 Qxa4 45. Nd4 Qa2 46. Qg6+
Kd7 47. Qxg4 Qd5+ 48. Nf3 b5 49. e4 Qd6 50. Qg7 b4 51. Ne5+ Kc8 52. Ng6 Bd8 53.
Nf4 Qc6 54. Qe5 Bc7 55. Qh8+ Kb7 56. Qd4 a5 57. Nd3 Bb6 58. Qg7+ Ka6 59. Qg4
Qc2 60. Qf3 b3 61. e5 Kb5 62. g4 Bxf2 63. Kh3 Bd4 64. Qb7+ Kc4 65. Qa6+ Kc3 66.
Ne1 Qe4 67. Qxa5+ Kb2 68. Qd2+ Ka3 69. Qa5+ Kb2 70. Qd2+ Ka1 71. Qc1+ Ka2 72.
Qd2+ b2 73. Nc2 Qh1+ 74. Kg3 Qg1+ 75. Kh3 Qf1+ 76. Kh2 Qf2+ 77. Qxf2 Bxf2 0-1

[Event "Groeden-Ehrenburg"]
[Site "?"]
[Date "2018.02.10"]
[Round "7.2"]
[White "Moroder, Stephan"]
[Black "Hengl, Christian"]
[Result "1/2-1/2"]
[WhiteElo "2160"]
[BlackElo "2157"]
[PlyCount "36"]
[EventDate "2018.02.10"]

1. d4 d5 2. c4 c6 3. Nf3 Nf6 4. Nc3 dxc4 5. a4 Bf5 6. e3 e6 7. a5 Bb4 8. Qa4
Qe7 9. Bxc4 O-O 10. O-O Nbd7 11. Be2 h6 12. Qb3 b5 13. axb6 axb6 14. Bd2 Bd6
15. g3 Ne4 16. Nxe4 Bxe4 17. Bc3 b5 18. Rfc1 Nb6 1/2-1/2

[Event "Groeden-Ehrenburg"]
[Site "?"]
[Date "2018.02.10"]
[Round "7.3"]
[White "Jedinger, Andreas"]
[Black "Demetz, Rainer"]
[Result "0-1"]
[WhiteElo "2104"]
[BlackElo "2187"]
[PlyCount "80"]
[EventDate "2018.02.10"]

1. e4 e5 2. Nf3 d6 3. d4 exd4 4. Nxd4 Nf6 5. Nc3 Be7 6. Be2 O-O 7. Bf4 Re8 8.
Qd2 Bf8 9. f3 Nc6 10. O-O-O Nxd4 11. Qxd4 Be6 12. Rhe1 a6 13. Kb1 Qb8 14. g4 b5
15. h4 Nd7 16. h5 Ne5 17. g5 c5 18. Qd2 c4 19. Nd5 Rc8 20. Qd4 Bxd5 21. exd5 b4
22. Be3 c3 23. b3 a5 24. f4 Nd7 25. Bd3 a4 26. Bxh7+ Kxh7 27. g6+ Kh8 28. gxf7
axb3 29. axb3 Nf6 30. h6 Qb7 31. hxg7+ Kxg7 32. Rg1+ Kxf7 33. Qd3 Qa6 34. Qg6+
Ke7 35. Ba7 Rxa7 36. Rde1+ Kd8 37. Qxf6+ Kc7 38. Rg7+ Bxg7 39. Re7+ Kb8 40.
Rxa7 Qf1+ 0-1

[Event "Groeden-Ehrenburg"]
[Site "?"]
[Date "2018.02.10"]
[Round "7.4"]
[White "Bernardi, Ruben"]
[Black "Babinetz, Rainer"]
[Result "1-0"]
[WhiteElo "2107"]
[BlackElo "1959"]
[PlyCount "67"]
[EventDate "2018.02.10"]

1. e4 e5 2. Nf3 Nf6 3. Nc3 Bb4 4. g3 O-O 5. Bg2 Bxc3 6. bxc3 Nxe4 7. O-O Re8 8.
Re1 d5 9. c4 Bg4 10. h3 Bxf3 11. Qxf3 c6 12. cxd5 cxd5 13. Rb1 Nd7 14. Qa3 Qc7
15. Qb2 Ndf6 16. d3 Nc5 17. Bg5 Rac8 18. Bxf6 gxf6 19. Bxd5 b6 20. Qb4 f5 21.
Qh4 Qd6 22. Bg2 Ne6 23. Qf6 Rxc2 24. Rxe5 Qxd3 25. Rxf5 Rc7 26. Re1 Rce7 27.
Re4 Nf8 28. Rg5+ Ng6 29. Rxe7 Rxe7 30. Qxe7 Qb1+ 31. Kh2 Qxa2 32. Qf6 Qe2 33.
Bd5 Qe8 34. h4 1-0

[Event "Groeden-Ehrenburg"]
[Site "?"]
[Date "2018.02.10"]
[Round "7.5"]
[White "Gruber, Alexander"]
[Black "Moroder, Thomas"]
[Result "0-1"]
[WhiteElo "1815"]
[BlackElo "1980"]
[PlyCount "100"]
[EventDate "2018.02.10"]

1. e4 c5 2. Nf3 d6 3. d3 Nc6 4. g3 g6 5. Bg2 Bg7 6. O-O Nf6 7. Re1 O-O 8. Nbd2
e5 9. Nf1 h6 10. h3 Be6 11. c4 Rb8 12. a4 a6 13. Be3 b5 14. axb5 axb5 15. b3
Qd7 16. Kh2 Rb6 17. Re2 Rfb8 18. Rea2 Qb7 19. Bd2 Nd7 20. Ne3 bxc4 21. bxc4 Rb3
22. Ra3 Nd4 23. Bc3 Bf6 24. Nd2 Rxa3 25. Rxa3 h5 26. Bxd4 cxd4 27. Rb3 Qa7 28.
Rxb8+ Qxb8 29. Nd5 Bd8 30. Qb3 Qa7 31. Qd1 Nc5 32. Bf1 Qa2 33. Kg2 Bd7 34. Nf3
Ba4 35. Qc1 Kg7 36. Ne1 h4 37. Nb4 Qb3 38. Nbc2 hxg3 39. Kxg3 Nxe4+ 40. Kg2 Nc5
41. Qa1 Ne6 42. Qa3 Bc6+ 43. Kg1 Qxa3 44. Nxa3 Nf4 45. Kh2 Bd7 46. Nf3 Bf5 47.
Ne1 Ba5 48. Nac2 g5 49. Kg3 f6 50. Kh2 Kf7 0-1

[Event "Groeden-Ehrenburg"]
[Site "?"]
[Date "2018.02.10"]
[Round "7.6"]
[White "Grossi, Christian"]
[Black "Messner, Alex"]
[Result "1-0"]
[WhiteElo "1841"]
[BlackElo "1652"]
[PlyCount "53"]
[EventDate "2018.02.10"]

1. d4 Nf6 2. c4 g6 3. Nc3 Bg7 4. Nf3 O-O 5. g3 d6 6. Bg2 c6 7. O-O Nbd7 8. Qc2
e5 9. Rd1 Qc7 10. e4 exd4 11. Nxd4 Ne5 12. b3 Be6 13. f4 Neg4 14. h3 Nh6 15. g4
Nhxg4 16. hxg4 Bxg4 17. Rd3 Rfe8 18. Be3 Rad8 19. Rf1 Qa5 20. f5 gxf5 21. Nxf5
Bxf5 22. Rxf5 Re5 23. b4 Qc7 24. Bd4 Rxf5 25. exf5 c5 26. Bxf6 Bxf6 27. Nd5 1-0

[Event "Klausen-Bruneck"]
[Site "?"]
[Date "2018.02.10"]
[Round "7.1"]
[White "Luciani, Valerio"]
[Black "Seebacher, Michael"]
[Result "1/2-1/2"]
[WhiteElo "2168"]
[BlackElo "1944"]
[PlyCount "29"]
[EventDate "2018.02.10"]

1. d4 Nf6 2. Nd2 d5 3. Ngf3 Bf5 4. e3 e6 5. c4 c6 6. Be2 Nbd7 7. b3 Bd6 8. Bb2
Qe7 9. Ne5 h6 10. O-O Ne4 11. Nxd7 Qxd7 12. Nxe4 Bxe4 13. a4 Qe7 14. Bd3 f5 15.
Qh5+ 1/2-1/2

[Event "Klausen-Bruneck"]
[Site "?"]
[Date "2018.02.10"]
[Round "7.2"]
[White "Seebacher, Reinhard"]
[Black "Peintner, Andreas"]
[Result "1/2-1/2"]
[WhiteElo "1883"]
[BlackElo "1942"]
[PlyCount "34"]
[EventDate "2018.02.10"]

1. d4 Nf6 2. c4 e6 3. Nc3 Bb4 4. Qc2 c5 5. Nf3 cxd4 6. Nxd4 Nc6 7. Nxc6 bxc6 8.
Bg5 h6 9. Bh4 O-O 10. e3 d5 11. a3 Be7 12. Rd1 Bb7 13. Be2 Qc7 14. O-O e5 15.
cxd5 cxd5 16. Qb3 g5 17. Bg3 Rac8 1/2-1/2

[Event "Klausen-Bruneck"]
[Site "?"]
[Date "2018.02.10"]
[Round "7.3"]
[White "Niederkofler, Andreas"]
[Black "Schrott, Karl"]
[Result "1/2-1/2"]
[WhiteElo "1789"]
[BlackElo "1988"]
[PlyCount "42"]
[EventDate "2018.02.10"]

1. e4 c5 2. Nf3 Nc6 3. d4 cxd4 4. Nxd4 d6 5. Nc3 Nf6 6. Be2 a6 7. Be3 e5 8. Nb3
Be7 9. a4 Nb4 10. a5 Be6 11. O-O d5 12. exd5 Nfxd5 13. Nxd5 Qxd5 14. Qxd5 Bxd5
15. c4 Bc6 16. Bc5 Bxc5 17. Nxc5 O-O 18. Rad1 Rac8 19. Nd7 Rfe8 20. Rd2 Be4 21.
Rfd1 Bc2 1/2-1/2

[Event "Klausen-Bruneck"]
[Site "?"]
[Date "2018.02.10"]
[Round "7.4"]
[White "Schrott, Ernst"]
[Black "Peintner, Markus"]
[Result "1/2-1/2"]
[WhiteElo "1884"]
[BlackElo "1456"]
[PlyCount "40"]
[EventDate "2018.02.10"]

1. e4 c5 2. Nf3 Nc6 3. d4 cxd4 4. Nxd4 e5 5. Nb5 d6 6. a4 a6 7. N5c3 Nf6 8. Bc4
Be7 9. O-O O-O 10. Na3 Nd4 11. Be3 Nc6 12. f3 Be6 13. Bd5 Bxd5 14. Nxd5 Nxd5
15. Qxd5 Qa5 16. Qb3 Qb4 17. Qxb4 Nxb4 18. Rfd1 Rac8 19. c3 Nc6 20. Rd2 Na5
1/2-1/2

[Event "Klausen-Bruneck"]
[Site "?"]
[Date "2018.02.10"]
[Round "7.5"]
[White "De Nicolo, Werner"]
[Black "Schrott, Johann"]
[Result "1/2-1/2"]
[WhiteElo "1476"]
[BlackElo "1844"]
[PlyCount "26"]
[EventDate "2018.02.10"]

1. c4 e5 2. g3 Nc6 3. Bg2 Nf6 4. Nc3 Bc5 5. e3 O-O 6. Nge2 a6 7. O-O Be7 8. d4
d6 9. b3 exd4 10. exd4 Bf5 11. Bb2 Qd7 12. Nf4 Rfe8 13. Qd2 h6 1/2-1/2

[Event "Klausen-Bruneck"]
[Site "?"]
[Date "2018.02.10"]
[Round "7.6"]
[White "Sigmund, Ingenuin"]
[Black "Scanferla, Antonio"]
[Result "1/2-1/2"]
[WhiteElo "1615"]
[BlackElo "1416"]
[PlyCount "46"]
[EventDate "2018.02.10"]

1. e4 e5 2. Nf3 Nc6 3. c3 Nf6 4. d3 d5 5. Qc2 g6 6. Be2 Bg7 7. O-O O-O 8. Bg5
h6 9. Bxf6 Bxf6 10. Nbd2 Be6 11. Nb3 Qe7 12. Rae1 Bg7 13. exd5 Bxd5 14. Nfd2
Rad8 15. Bf3 Bxf3 16. Nxf3 Qd6 17. Rd1 Rfe8 18. Rfe1 f5 19. Nc1 Kh7 20. g3 Rd7
21. d4 e4 22. Nh4 Rde7 23. Ng2 g5 1/2-1/2

[Event "Richter/Lask-Naturns"]
[Site "?"]
[Date "2018.02.10"]
[Round "7.1"]
[White "La Manna, Andrea"]
[Black "De Eccher, Stefano"]
[Result "1/2-1/2"]
[WhiteElo "2157"]
[BlackElo "2195"]
[PlyCount "71"]
[EventDate "2018.02.10"]

1. d4 d5 2. c4 c6 3. Nc3 dxc4 4. a4 e5 5. Nf3 exd4 6. Qxd4 Qxd4 7. Nxd4 Bc5 8.
Nc2 Na6 9. e4 Be6 10. Be3 O-O-O 11. Be2 Bxe3 12. Nxe3 Nb4 13. O-O Rd2 14. f4 f6
15. f5 Bf7 16. Rfd1 Rxd1+ 17. Rxd1 Nd3 18. Nxc4 Bxc4 19. Bxd3 Bxd3 20. Rxd3 Nh6
21. Ne2 Re8 22. Ng3 Ng4 23. b3 Kc7 24. h3 Ne5 25. Rd4 c5 26. Rd5 Kc6 27. Nh5
Rg8 28. Nf4 b6 29. Kf2 a6 30. Ne6 g6 31. g4 gxf5 32. Nd8+ Kc7 33. Ne6+ Kc6 34.
Nd8+ Kc7 35. Ne6+ Kc6 36. gxf5 1/2-1/2

[Event "Richter/Lask-Naturns"]
[Site "?"]
[Date "2018.02.10"]
[Round "7.2"]
[White "Moncher, Stefano"]
[Black "Unterthurner, Hans"]
[Result "1-0"]
[WhiteElo "2182"]
[BlackElo "1933"]
[PlyCount "67"]
[EventDate "2018.02.10"]

1. e4 e6 2. d4 d5 3. Nc3 Bb4 4. a3 Bxc3+ 5. bxc3 dxe4 6. Qg4 Nf6 7. Qxg7 Rg8 8.
Qh6 b6 9. Ne2 Bb7 10. Ng3 Nbd7 11. a4 Rg6 12. Qd2 c5 13. Be2 Qc7 14. Qf4 e5 15.
dxe5 Qxe5 16. Qxe5+ Nxe5 17. Bf4 Nfd7 18. O-O-O Rf6 19. Nh5 Rg6 20. Bg3 Kf8 21.
Nf4 Rh6 22. Nd5 c4 23. Ne3 Bc6 24. Rd4 Bxa4 25. Rxe4 Re6 26. f4 Ng6 27. Rxe6
fxe6 28. Bxc4 Rc8 29. Bxe6 Rxc3 30. Kd2 Rc6 31. f5 Nge5 32. Ra1 b5 33. Bf4 Rc5
34. Bxd7 1-0

[Event "Richter/Lask-Naturns"]
[Site "?"]
[Date "2018.02.10"]
[Round "7.3"]
[White "Naegele, Norbert"]
[Black "Voltolini, Giuseppe"]
[Result "1/2-1/2"]
[WhiteElo "1847"]
[BlackElo "2135"]
[PlyCount "99"]
[EventDate "2018.02.10"]

1. Nf3 Nf6 2. c4 g6 3. b4 Bg7 4. Bb2 O-O 5. g3 d6 6. Bg2 e5 7. d3 a5 8. b5 Nbd7
9. O-O Nc5 10. Nc3 Nh5 11. d4 exd4 12. Nxd4 Nf6 13. Nd5 Be6 14. Nxe6 fxe6 15.
Nf4 Rb8 16. Nd3 Nfd7 17. Bxg7 Kxg7 18. Nxc5 Nxc5 19. Qd4+ e5 20. Qc3 b6 21. f4
Qf6 22. fxe5 Qxe5 23. Qxe5+ dxe5 24. Rxf8 Rxf8 25. Rd1 Na4 26. Rd2 Rf6 27. Bd5
Kf8 28. Kg2 Ke7 29. Bc6 Rd6 30. Bd5 Nc5 31. Kf3 h6 32. e3 h5 33. Ke2 g5 34. h3
Rf6 35. Rd1 Na4 36. Rd3 h4 37. g4 Nc5 38. Rd1 e4 39. Rd4 Rf3 40. Rxe4+ Nxe4 41.
Kxf3 Nc3 42. e4 Kd6 43. Ke3 Ke5 44. a3 Na4 45. Bc6 Nc5 46. Bd5 Nb3 47. Bc6 Nc5
48. Bd5 Nd7 49. Bg8 Nc5 50. Bd5 1/2-1/2

[Event "Richter/Lask-Naturns"]
[Site "?"]
[Date "2018.02.10"]
[Round "7.4"]
[White "Bevilacqua, Maurizio"]
[Black "Gurschler, Thomas"]
[Result "1-0"]
[WhiteElo "2043"]
[BlackElo "1837"]
[PlyCount "54"]
[EventDate "2018.02.10"]

1. c4 g6 2. g3 Bg7 3. Bg2 c5 4. Nc3 Nc6 5. a3 d6 6. Rb1 a5 7. d3 Nf6 8. e4 O-O
9. Nge2 Ng4 10. h3 Nge5 11. f4 Nd7 12. Nb5 f5 13. O-O Nf6 14. b3 Bd7 15. Bb2
fxe4 16. dxe4 Qc8 17. Kh2 Na7 18. e5 Ne8 19. exd6 Nxd6 20. Nxd6 exd6 21. Qxd6
Bf5 22. Bd5+ Kh8 23. Bxg7+ Kxg7 24. Qe7+ Kh6 25. g4 Bxg4 26. Qg5+ Kg7 27. hxg4
Qc7 1-0

[Event "Richter/Lask-Naturns"]
[Site "?"]
[Date "2018.02.10"]
[Round "7.5"]
[White "Gurschler, Gregor"]
[Black "De Vita, Gianni"]
[Result "0-1"]
[WhiteElo "1796"]
[BlackElo "1963"]
[PlyCount "125"]
[EventDate "2018.02.10"]

1. e4 c5 2. d3 Nc6 3. Nc3 e6 4. g3 Nf6 5. Bg2 Be7 6. f4 d6 7. Nf3 Qc7 8. O-O a6
9. h3 b5 10. Be3 Bb7 11. a3 O-O 12. Qd2 Nd7 13. Ne2 Nb6 14. g4 d5 15. Ng3 Rfd8
16. Qf2 dxe4 17. Nxe4 Nd4 18. Nxd4 cxd4 19. Bxd4 Na4 20. Kh1 Rac8 21. c3 Qb8
22. Rae1 a5 23. Ng5 Nc5 24. Bxc5 Bxc5 25. d4 Be7 26. d5 Bxd5 27. Bxd5 Rxd5 28.
Ne4 Rcd8 29. Re2 Rd3 30. Kg2 Qb7 31. Kh2 Qc7 32. Kg2 Qc6 33. Kh2 R8d5 34. Qg2
Qc7 35. Ng3 Bh4 36. Ne4 f5 37. gxf5 exf5 38. Ng5 Bxg5 39. Qxg5 Qf7 40. Rg1 Rd2
41. Rgg2 Rxe2 42. Rxe2 h6 43. Qg2 Kh7 44. Rd2 Rc5 45. Qe2 a4 46. Qd3 Rc4 47.
Qd6 Re4 48. Rg2 Qe6 49. Qf8 g5 50. Qb8 Re2 51. Qxb5 Rxg2+ 52. Kxg2 Qe4+ 53. Kg1
gxf4 54. Qf1 f3 55. Kf2 Kg6 56. Qd1 Qh4+ 57. Ke3 Qg3 58. Qf1 f4+ 59. Ke4 f2 60.
Qa6+ Kh5 61. Qa5+ Qg5 62. Qa6 Qg6+ 63. Qxg6+ 0-1

[Event "Richter/Lask-Naturns"]
[Site "?"]
[Date "2018.02.10"]
[Round "7.6"]
[White "Billio, Atto"]
[Black "Naegele, Raimund"]
[Result "1-0"]
[WhiteElo "1998"]
[BlackElo "1658"]
[PlyCount "69"]
[EventDate "2018.02.10"]

1. c4 c6 2. Nf3 d5 3. e3 Nf6 4. b3 Bg4 5. Bb2 e6 6. Be2 Nbd7 7. Nc3 Bd6 8. h3
Bh5 9. g4 Bg6 10. Nh4 Qe7 11. g5 Ne4 12. Nxg6 hxg6 13. Nxe4 dxe4 14. h4 f6 15.
gxf6 Nxf6 16. Qc2 O-O-O 17. O-O-O Rh6 18. f3 exf3 19. Bxf3 Rdh8 20. Rdg1 Qf7
21. Rg5 Nh7 22. Rf1 Nxg5 23. hxg5 Rh2 24. c5 Be7 25. b4 Bxg5 26. b5 Bxe3 27.
bxc6 Rxd2 28. cxb7+ Kd7 29. c6+ Kd6 30. Be5+ Ke7 31. Qe4 Rf2+ 32. Qxe3 Rxf1+
33. Bd1 Rd8 34. Qg5+ Ke8 35. Qxd8+ 1-0

[Event "Richter/Lask2-Kaltern/Tramin2"]
[Site "?"]
[Date "2018.02.10"]
[Round "7.2"]
[White "Gruber, Martin"]
[Black "Unterkofler, Alex"]
[Result "1-0"]
[WhiteElo "1704"]
[BlackElo "1680"]
[PlyCount "63"]
[EventDate "2018.02.10"]

1. e4 c5 2. Nf3 Nc6 3. Bb5 e6 4. Bxc6 bxc6 5. O-O d5 6. d3 Be7 7. Re1 a5 8. Nc3
d4 9. Ne2 Ba6 10. b3 Nf6 11. Ne5 Qc7 12. Nf3 e5 13. Ng3 O-O 14. Nf5 Bc8 15.
Nxe7+ Qxe7 16. h3 h6 17. Ba3 Rd8 18. Qd2 Bd7 19. c3 Be8 20. cxd4 exd4 21. Qc2
Nd7 22. Nxd4 Qf6 23. Nf5 Kh7 24. Bb2 Qg5 25. Bxg7 f6 26. Bxh6 Qg6 27. Re3 Ne5
28. Rg3 Qh5 29. Rg7+ Kh8 30. Qxc5 Bg6 31. Qe7 Nf7 32. Qxf6 1-0

[Event "Steinegg-Gries"]
[Site "?"]
[Date "2018.02.10"]
[Round "7.1"]
[White "Spornberger, Maximilian"]
[Black "Mukic, Josko"]
[Result "1-0"]
[WhiteElo "2265"]
[BlackElo "2249"]
[PlyCount "47"]
[EventDate "2018.02.10"]

1. e4 d6 2. d4 Nf6 3. Nc3 g6 4. Nf3 Bg7 5. h3 O-O 6. Be3 a6 7. a4 Nc6 8. Be2 e5
9. Qd2 exd4 10. Nxd4 Re8 11. Nxc6 bxc6 12. Bg5 Rb8 13. Rb1 h6 14. Bxh6 Bxh6 15.
Qxh6 Nxe4 16. Nd1 Nc5 17. a5 Rb4 18. Qd2 Rbe4 19. Nc3 R4e5 20. O-O Qe7 21. b4
Nd7 22. Bd3 Nf8 23. f4 Re3 24. Ne4 1-0

[Event "Steinegg-Gries"]
[Site "?"]
[Date "2018.02.10"]
[Round "7.2"]
[White "Engl, Stefan"]
[Black "Spornberger, Andre"]
[Result "0-1"]
[WhiteElo "1992"]
[BlackElo "2279"]
[PlyCount "108"]
[EventDate "2018.02.10"]

1. e4 e6 2. d4 d5 3. Nc3 Bb4 4. e5 c5 5. a3 Bxc3+ 6. bxc3 Qa5 7. Bd2 Qa4 8. Qg4
g6 9. Nf3 Nc6 10. Be2 Nge7 11. Qf4 h6 12. Qh4 Bd7 13. O-O c4 14. Ra2 O-O-O 15.
Kh1 Rdf8 16. g4 Qa5 17. Qg3 Kb8 18. Rb1 Ka8 19. Be1 Qd8 20. Bd2 g5 21. Ne1 Ng6
22. Ng2 f6 23. exf6 Qxf6 24. Rf1 Nf4 25. Bf3 Ne7 26. Bxf4 gxf4 27. Qh4 Qg5 28.
Re1 Ng6 29. Qh5 Kb8 30. Raa1 Kc7 31. Re2 Kd6 32. Rae1 Rc8 33. h4 Qf6 34. Qe5+
Qxe5 35. dxe5+ Kc5 36. Kh2 Rhf8 37. Rd1 Rc6 38. Rd4 Ra6 39. h5 Nh8 40. Rxf4
Rxf4 41. Nxf4 Rxa3 42. Bxd5 exd5 43. e6 Be8 44. Re5 Kd6 45. Rxd5+ Ke7 46. Rc5
Bc6 47. g5 hxg5 48. Rxg5 Ra1 49. Rg7+ Kf6 50. Rh7 Rh1+ 51. Kg3 Rg1+ 52. Kh4 Rg8
53. e7 Nf7 54. Ng6 Be4 0-1

[Event "Steinegg-Gries"]
[Site "?"]
[Date "2018.02.10"]
[Round "7.3"]
[White "Zammarchi, Massimo"]
[Black "Pichler, Martin"]
[Result "1/2-1/2"]
[WhiteElo "1943"]
[BlackElo "1696"]
[PlyCount "89"]
[EventDate "2018.02.10"]

1. e4 g6 2. d4 Bg7 3. Nc3 d6 4. Be3 c6 5. Qd2 b5 6. Bd3 Bb7 7. Nf3 Nd7 8. a3 a6
9. O-O Ngf6 10. e5 dxe5 11. dxe5 Ng4 12. e6 fxe6 13. Ng5 Nf8 14. Bc5 h6 15. Nf3
Qc7 16. Rfe1 O-O-O 17. Qe2 e5 18. h3 Ne6 19. hxg4 Nxc5 20. Nxe5 Bxe5 21. Qxe5
Qxe5 22. Rxe5 Nxd3 23. cxd3 Rxd3 24. Rxe7 c5 25. Rae1 Rhd8 26. R1e5 Bd5 27.
Nxd5 R8xd5 28. Rxd5 Rxd5 29. Re6 Kb7 30. Rxg6 Rd1+ 31. Kh2 Rd2 32. f4 Rxb2 33.
Rxh6 c4 34. Kg3 Rb3+ 35. Kf2 c3 36. Rh1 Rxa3 37. g5 Ra4 38. Ke3 Rc4 39. g6 Rc8
40. Kd3 Kc6 41. Kxc3 Kd5+ 42. Kd3 Ke6 43. Rh5 Kf6 44. Rg5 Rg8 45. Ke4 1/2-1/2

[Event "Steinegg-Gries"]
[Site "?"]
[Date "2018.02.10"]
[Round "7.4"]
[White "Engl, Alexander"]
[Black "Fongarolli, Diego"]
[Result "0-1"]
[WhiteElo "1812"]
[BlackElo "1951"]
[PlyCount "60"]
[EventDate "2018.02.10"]

1. e4 c5 2. d4 cxd4 3. c3 dxc3 4. Nxc3 Nc6 5. Nf3 d6 6. Bc4 e6 7. O-O Nf6 8.
Bg5 Be7 9. Qe2 O-O 10. Rfd1 e5 11. h3 a6 12. a4 Be6 13. Bxf6 Bxf6 14. Bd5 Rc8
15. Rac1 Re8 16. g4 Nd4 17. Qd3 Bg5 18. Rb1 Nxf3+ 19. Qxf3 Qd7 20. Rd3 Bxd5 21.
Rxd5 Rc5 22. Rd3 Qc6 23. Rbd1 Re6 24. Kg2 b5 25. axb5 axb5 26. b4 Rc4 27. Nd5
Rc2 28. Qf5 Bh4 29. Rf3 Qb7 30. Ra1 g6 0-1

[Event "Steinegg-Gries"]
[Site "?"]
[Date "2018.02.10"]
[Round "7.5"]
[White "Paulmichl, Martin"]
[Black "Paparella, Nicole Samantha"]
[Result "1-0"]
[WhiteElo "1870"]
[BlackElo "1767"]
[PlyCount "63"]
[EventDate "2018.02.10"]

1. d4 d5 2. Bf4 Nf6 3. e3 e6 4. Nf3 Nbd7 5. Bd3 c5 6. c3 Nb6 7. Ne5 Bd7 8. Nd2
Be7 9. O-O h6 10. Rc1 O-O 11. Qf3 c4 12. Bb1 Nh7 13. Qh3 Bg5 14. Bg3 Be8 15. f4
Be7 16. Ndf3 Nd7 17. f5 Nxe5 18. Bxe5 exf5 19. Qxf5 g6 20. Qh3 h5 21. Qg3 h4
22. Qf4 f6 23. Qh6 fxe5 24. Bxg6 Bxg6 25. Qxg6+ Kh8 26. Nxe5 Qd6 27. Rf7 Qxg6
28. Nxg6+ Kg8 29. Rxe7 Rf6 30. Nxh4 Raf8 31. Rxb7 Rf2 32. Ng6 1-0